Sborník vedeckých prác Strojníckej fakulty Slovenskej vysokej školy technickej v Bratislave
| New Title: | Zborník vedeckých prác Strojníckej fakulty Slovenskej technickej univerzity v Bratislave |
|---|---|
| Format: | Serial |
| Language: | Slovak Russian English German |
| PhysicalDescription: | 18 zv. fotografie, grafy 24 cm |
| Published: |
Bratislava
Slovenské vydavateľstvo technickej literatúry, n.p.
1961-1990
Bratislava Edičné stredisko Slovenskej vysokej školy technickej Bratislava Vydavateľstvo Alfa |
| ISBN: | 8005002009 (20/1990) |
| ISSN: | 0524-2207 |
| Series: | Strojárenská literatúra
|
| Subjects: |
MARC
| LEADER | 00000cas a2200000 a 4500 | ||
|---|---|---|---|
| 001 | vtls001105983 | ||
| 003 | SK-MaSNL | ||
| 005 | 20260425194051.0 | ||
| 008 | 200415d19611990xo ar 0 0b0slo | ||
| 020 | |a 8005002009 (20/1990) | ||
| 022 | |a 0524-2207 | ||
| 040 | |a SNK |b slo |c SNK |e AACR2 | ||
| 041 | 0 | |a slo |a rus |a eng |a ger |b ger |b rus | |
| 043 | |a e-xo--- | ||
| 044 | |a xo |c SK | ||
| 072 | 7 | |a 621 |x Strojárstvo |2 konspekt | |
| 072 | |a 378 |x Vysoké školy |2 konspekt | ||
| 080 | |a 621.8 |2 2001 | ||
| 080 | |a 378.6:62 |2 2011 | ||
| 080 | |a (437.6) |2 2011 | ||
| 080 | |a (0.02/.08:001) |2 2011 | ||
| 080 | |a (082) |2 2011 | ||
| 210 | 0 | |a Zb. ved. pr. Stroj. fak. Slov. vys. šk. tech. | |
| 222 | 0 | |a Zborník vedeckých prác Strojníckej fakulty Slovenskej vysokej školy technickej | |
| 245 | 0 | 0 | |a Sborník vedeckých prác Strojníckej fakulty Slovenskej vysokej školy technickej v Bratislave |
| 246 | 1 | 3 | |a Zborník vedeckých prác Strojníckej fakulty Slovenskej vysokej školy technickej v Bratislave |f 1968-1990 |
| 260 | |a Bratislava |b Slovenské vydavateľstvo technickej literatúry, n.p. |c 1961-1990 | ||
| 260 | 2 | |3 1968 |a Bratislava |b Edičné stredisko Slovenskej vysokej školy technickej | |
| 260 | 3 | |3 1969-1990 |a Bratislava |b Vydavateľstvo Alfa | |
| 300 | |a 18 zv. |b fotografie, grafy |c 24 cm | ||
| 310 | |a 1x ročne | ||
| 362 | 0 | |a Zv. 1 (1961)-Zv. 20 (1990) | |
| 490 | 1 | |a Strojárenská literatúra | |
| 500 | |a Redaktori sa menia | ||
| 500 | |a Zborník bol vydaný ako účelová publikácia Strojníckej fakulty SVŠT v Bratislave | ||
| 504 | |a Bibliografické odkazy | ||
| 515 | |a Zv. 20 (1990) vyšiel po 11 rokoch | ||
| 546 | |a Čiastočný text ruský, anglický, nemecký ; resumé ruské a nemecké | ||
| 550 | |a 1961-1967, vydáva Slovenská vysoká škola technická v Bratislave v Slovenskom vydavateľstve technickej literatúry | ||
| 550 | |a 1968, vydáva Slovenská vysoká škola technická v Bratislave v Edičnom stredisku SVŠT v Bratislave | ||
| 550 | |a 1969-1990, vydáva Slovenská vysoká škola technická v Bratislave vo Vydavateľstve Alfa | ||
| 610 | 2 | 7 | |a Slovenská vysoká škola technická v Bratislave. |b Strojnícka fakulta |2 SNKKA |9 131744 |
| 650 | 0 | 7 | |a strojníctvo |2 SNKPH |9 29325 |
| 650 | 0 | 7 | |a Machinery |2 SNKPHeng |9 267052 |
| 650 | 0 | 7 | |a vysoké školy technické |2 SNKPH |9 71431 |
| 650 | 0 | 7 | |a Technical universities |2 SNKPHeng |9 265533 |
| 651 | 7 | |a Slovensko |2 SNKPHgeo |9 14231 | |
| 651 | 7 | |a Slovakia |2 SNKPHeng |9 92630 | |
| 655 | 7 | |a vedecké práce |2 SNKPH |9 86817 | |
| 655 | 7 | |a Scientific works |2 SNKPHeng |9 265284 | |
| 655 | |a zborníky |2 SNKPH |9 70165 | ||
| 655 | 7 | |a Papers of several authors |2 SNKPHeng |9 153738 | |
| 785 | 0 | 0 | |t Zborník vedeckých prác Strojníckej fakulty Slovenskej technickej univerzity v Bratislave |w vtls001293038 |
| 830 | 0 | |a Strojárenská literatúra |9 267053 | |
| 910 | |a snk | ||
| 910 | |a svkbb | ||
| 916 | |a 1961-1990 | ||
| 919 | |a 80-05-00200-9 | ||
| 958 | |a OND | ||
| 958 | |a NB | ||
| 999 | |c 3178 |d 5108 | ||
| 952 | |a SNK |b SNK |y PREZ |7 0 |p 17A0813447 |o snkČSC 1057/1/1961 |i snkD 327/71 |8 1 |f 1 |0 0 |1 0 |4 0 |d 2023-05-11 |l 0 |r 2026-02-21 19:50:17 |w 2026-02-21 | ||
| 952 | |a SNK |b SNK |y PREZ |7 0 |p 17A0813448 |o snkČSC 1057/2/1962 |i snkKSP 5277/62 |f 1 |0 0 |1 0 |4 0 |d 2023-05-11 |l 0 |r 2026-02-21 19:50:17 |w 2026-02-21 | ||
| 952 | |a SNK |b SNK |y PREZ |7 0 |p 17A0813449 |o snkČSC 1057/3/1963 |i snkKSP 4540/63 |f 1 |0 0 |1 0 |4 0 |d 2023-05-11 |l 0 |r 2026-02-21 19:50:17 |w 2026-02-21 | ||
| 952 | |a SNK |b SNK |y PREZ |7 0 |p 17A0813450 |o snkČSC 1057/4/1964 |i snkKSP 586/65 |f 1 |0 0 |1 0 |4 0 |d 2023-05-11 |l 0 |r 2026-02-21 19:50:17 |w 2026-02-21 | ||
| 952 | |a SNK |b SNK |y PREZ |7 0 |p 17A0813451 |o snkČSC 1057/5/1965 |i snkKSP 229/66 |f 1 |0 0 |1 0 |4 0 |d 2023-05-11 |l 0 |r 2026-02-21 19:50:17 |w 2026-02-21 | ||
| 952 | |a SNK |b SNK |y PREZ |7 0 |p 17A0813452 |o snkČSC 1057/6/1966 |i snkKSP 436/67 |f 1 |0 0 |1 0 |4 0 |d 2023-05-11 |l 0 |r 2026-02-21 19:50:17 |w 2026-02-21 | ||
| 952 | |a SNK |b SNK |y PREZ |7 0 |p 17A0813453 |o snkČSC 1057/7/1967 |i snkKSP 350/68 |f 1 |0 0 |1 0 |4 0 |d 2023-05-11 |l 0 |r 2026-02-21 19:50:17 |w 2026-02-21 | ||
| 952 | |a SNK |b SNK |y PREZ |7 0 |p 17A0813454 |o snkČSC 1057/8/1968 |i snkKSP 35/70 |f 1 |0 0 |1 0 |4 0 |d 2023-05-11 |l 0 |r 2026-02-21 19:50:17 |w 2026-02-21 | ||
| 952 | |a SNK |b SNK |y PREZ |7 0 |p 17A0813455 |o snkČSC 1057/9-10/1969-1970 |i snkKSP 7538/71 |f 1 |0 0 |1 0 |4 0 |d 2023-05-11 |l 0 |r 2026-02-21 19:50:17 |w 2026-02-21 | ||
| 952 | |a SNK |b SNK |y PREZ |7 0 |p 17A0813456 |o snkČSC 1057/11-12/1971-1972 |i snkKSP 558/73 |f 1 |0 0 |1 0 |4 0 |d 2023-05-11 |l 0 |r 2026-02-21 19:50:18 |w 2026-02-21 | ||
| 952 | |a SNK |b SNK |y PREZ |7 0 |p 17A0813457 |o snkČSC 1057/13/1973 |i snkKSP 7849/75 |f 1 |0 0 |1 0 |4 0 |d 2023-05-11 |l 0 |r 2026-02-21 19:50:18 |w 2026-02-21 | ||
| 952 | |a SNK |b SNK |y PREZ |7 0 |p 17A0813458 |o snkČSC 1057/14/1974 |i snkKSP 1492/76 |f 1 |0 0 |1 0 |4 0 |d 2023-05-11 |l 0 |r 2026-02-21 19:50:18 |w 2026-02-21 | ||
| 952 | |a SNK |b SNK |y PREZ |7 0 |p 17A0813460 |o snkČSC 1057/15/1975 |i snkKSP 3458/77 |f 1 |0 0 |1 0 |4 0 |d 2023-05-11 |l 0 |r 2026-02-21 19:50:18 |w 2026-02-21 | ||
| 952 | |a SNK |b SNK |y PREZ |7 0 |p 17A0813461 |o snkČSC 1057/16/1976 |i snkKSP 197/81 |f 1 |0 0 |1 0 |4 0 |d 2023-05-11 |l 0 |r 2026-02-21 19:50:18 |w 2026-02-21 | ||
| 952 | |a SNK |b SNK |y PREZ |7 0 |p 17A0813462 |o snkČSC 1057/17/1977 |i snkKSP 10451/81 |f 1 |0 0 |1 0 |4 0 |d 2023-05-11 |l 0 |r 2026-02-21 19:50:18 |w 2026-02-21 | ||
| 952 | |a SNK |b SNK |y PREZ |7 0 |p 17A0813463 |o snkČSC 1057/18/1978 |i snkKSP 3622/83 |f 1 |0 0 |1 0 |4 0 |d 2023-05-11 |l 0 |r 2026-02-21 19:50:18 |w 2026-02-21 | ||
| 952 | |a SNK |b SNK |y PREZ |7 0 |p 17A0813464 |o snkČSC 1057/19/1979 |i snkKSP 6049/83 |f 1 |0 0 |1 0 |4 0 |d 2023-05-11 |l 0 |r 2026-02-21 19:50:18 |w 2026-02-21 | ||
| 952 | |a SNK |b SNK |y PREZ |7 0 |p 17A0813528 |o snkČSC 1057/20/1990 |i snkKSP 2853/91 |f 1 |0 0 |1 0 |4 0 |d 2023-05-11 |l 0 |r 2026-02-21 19:50:18 |w 2026-02-21 | ||
| 952 | |a SNK |b SNK |y PREZ |7 0 |p 17A0688412 |o snkČSC 1057/13/1973 D1 |i snkKSP 7850/75 |0 0 |1 0 |4 0 |d 2011-02-03 |l 0 |r 2026-02-21 19:56:34 |w 2026-02-21 | ||
| 952 | |a SNK |b SNK |y PREZ |7 0 |p 17A0692661 |o snkČSC 1057/4/1964 D1 |i snkKSP 587/65 |0 0 |1 0 |4 0 |d 2011-04-06 |l 1 |r 2026-03-03 09:36:56 |s 2026-02-28 |w 2026-02-21 | ||
| 952 | |a SNK |b SNK |y PREZ |7 0 |p 17A0699682 |o snkČSC 1057/18/1978 D1 |i snkKSP 3623/83 |0 0 |1 0 |4 0 |d 2011-06-28 |l 0 |r 2026-02-21 20:06:42 |w 2026-02-21 | ||
| 952 | |a SNK |b SNK |y PREZ |7 0 |p 17A0692967 |o snkČSC 1057/7/1967 D1 |i snkKSP 351/68 |0 0 |1 0 |4 0 |d 2011-04-06 |l 0 |r 2026-02-21 20:15:07 |w 2026-02-21 | ||
| 952 | |a SNK |b SNK |y PREZ |7 0 |p 17A1020366 |o snkČSC 1057/11-12/1971-72 D1 |i snkČSP 559/73 |0 0 |1 0 |4 0 |d 2012-10-18 |l 0 |r 2026-02-21 20:50:23 |w 2026-02-21 | ||
| 952 | |a SNK |b SNK |y PREZ |7 0 |p 17A1148997 |o snkČSC 1057/9-10/1969-70 D1 |i snkKSP 7539/71 |0 0 |1 0 |4 0 |d 2015-11-03 |l 0 |r 2026-02-21 21:05:00 |w 2026-02-21 | ||
| 952 | |a SNK |b SNK |y PREZ |7 0 |p 17A1317658 |o snkČSC 1057/14/1974 D1 |i snkKSP 1493/76 |0 0 |1 0 |4 0 |d 2024-11-21 |l 0 |r 2026-02-21 21:21:19 |w 2026-02-21 | ||


